00320nam a2200109Ia 4500008004100000082000800041100001600049245002900065942000600094952009500100999001500195240331s9999 xx 000 0 und d bKRI aKirushnan,P 0aAkkirakaarattil periyaar cL 001040708LaWERCLbWERCLcSSCd2024-03-31l0o 100 KRIp6474r2024-03-31w2024-03-31yL c4685d4685